000
00319nam a22001457a 4500
008
180918b xxu||||| |||| 00| 0 eng d
020
_a
9780323052511
041
_a
eng
080
_2
7th
_a
610.73
082
_a
610.73
100
_a
1
101
_a
INF
245
_a
Fundamentals of Nursing
_c
Ochs,G
942
_2
udc
_c
BK
999
_c
47964
_d
47964